KOHA-Header-6

Principles of Islamic Accounting (Record no. 13598)

000 -LEADER
fixed length control field 00339nam a22001337a 4500
020 ## - INTERNATIONAL STANDARD BOOK NUMBER
ISBN 9781119023296
082 ## - DEWEY DECIMAL CLASSIFICATION NUMBER
Classification number 658.13
Item number BAY
100 ## - MAIN ENTRY--AUTHOR NAME
Personal name Nabil Baydoun
245 ## - TITLE STATEMENT
Title Principles of Islamic Accounting
260 ## - PUBLICATION, DISTRIBUTION, ETC. (IMPRINT)
Place of publication Singapore
Name of publisher John Wiley & sons
Year of publication 2018
300 ## - PHYSICAL DESCRIPTION
Number of Pages XV, 288 Pages
650 ## - SUBJECT ADDED ENTRY--TOPICAL TERM
Topical Term Accounting, Islamic Accounting
942 ## - ADDED ENTRY ELEMENTS (KOHA)
Koha item type Books
Holdings
Withdrawn status Lost status Collection code Permanent Location Current Location Shelving location Date acquired Full call number Accession Number Koha item type
    Accounting MAJU MAJU Shelf No.A-2 2022-12-19 658.13 BAY 10654 Books

Powered by Koha